000 00471nam a2200193Ia 4500
003 OSt
005 20250927103340.0
008 250729s2006 xx 000 0 und d
020 _a978-8183420273
040 _cAL
041 _aeng
082 _a574.07 MALM
100 _aMalhothra Vinayak
_9222812
245 _aMethods of teaching biology
260 _aNew Delhi
_bCrescent Publication
_c2006
300 _a301p
650 _aBiology
_9222813
942 _2ddc
_cBED
999 _c235621
_d235621